[Event "XVII Torneo Internacional de Ajedrez "]
[Site "Albacete - ESPAÑA"]
[Date "2009.09.04"]
[Round "6.14"]
[White "Jimenez Martinez, Jose Vicente"]
[Black "Fenollar Jorda, Manuel"]
[Result "1/2-1/2"]
[WhiteElo "2241"]
[BlackElo "2311"]
[PlyCount "95"]
[EventDate "2009.09.01"]

1. d4 d5 2. c4 c6 3. Nf3 Nf6 4. Nc3 e6 5. cxd5 cxd5 6. Bg5 Nc6 7. e3 Qb6 8. Qc2
Ne4 9. Bf4 Qa5 10. Nd2 Bd7 11. Ndxe4 dxe4 12. Be2 Nb4 13. Qd2 Rc8 14. a3 f5 15.
Be5 Nc6 16. Bh5+ Ke7 17. Bf4 g6 18. Be2 Kf7 19. O-O Ne7 20. Rfc1 Qd8 21. b4 Bc6
22. Bc4 Bg7 23. Qa2 Qd7 24. b5 Bd5 25. Nxd5 Nxd5 26. Bxd5 Qxd5 27. Qxd5 exd5
28. Kf1 Ke6 29. Ke2 Bf6 30. Bc7 Kd7 31. Ba5 f4 32. Bd2 fxe3 33. fxe3 Be7 34. a4
Bd6 35. h3 Rhf8 36. Rxc8 Rxc8 37. Rf1 Ke6 38. Ra1 Rf8 39. Rf1 Rc8 40. Rc1 Rf8
41. Rf1 Rf5 42. g4 Rxf1 43. Kxf1 Kf6 44. Kf2 Kg5 45. Ba5 h5 46. Bd8+ Kh6 47.
Bf6 Kh7 48. gxh5 1/2-1/2

[Event "XVII Torneo Internacional de Ajedrez "]
[Site "Albacete - ESPAÑA"]
[Date "2009.09.04"]
[Round "6.15"]
[White "Serna Lara, Sergio"]
[Black "Lara Granero, Bio"]
[Result "1-0"]
[WhiteElo "2244"]
[BlackElo "2035"]
[PlyCount "59"]
[EventDate "2009.09.01"]

1. d4 Nf6 2. Nf3 d5 3. c4 Bg4 4. cxd5 Bxf3 5. gxf3 Nxd5 6. Nc3 e6 7. e4 Nb6 8.
Be3 c6 9. Qb3 N8d7 10. O-O-O Qe7 11. Kb1 Qb4 12. Qxb4 Bxb4 13. a3 Be7 14. f4
Nf6 15. f3 O-O-O 16. Bh3 Nc4 17. Bc1 b5 18. d5 b4 19. axb4 Bxb4 20. dxe6 Kc7
21. exf7 Rb8 22. Kc2 Bc5 23. e5 Nd5 24. Nxd5+ cxd5 25. Rxd5 Be3 26. Rd7+ Kc6
27. b3 Bxc1 28. Rxc1 Nb6 29. Kb2+ Kb5 30. Bf1+ 1-0

[Event "XVII Torneo Internacional de Ajedrez "]
[Site "Albacete - ESPAÑA"]
[Date "2009.09.04"]
[Round "6.16"]
[White "Krug Cortegoso, Rodolfo Martin"]
[Black "Madurga Lopez, Ignacio"]
[Result "1/2-1/2"]
[WhiteElo "2117"]
[BlackElo "1821"]
[PlyCount "50"]
[EventDate "2009.09.01"]

1. Nf3 c5 2. c4 Nc6 3. Nc3 g6 4. e3 d6 5. Be2 Bg7 6. O-O e5 7. d4 f5 8. dxc5
dxc5 9. Qxd8+ Nxd8 10. Nb5 Ne6 11. Rb1 e4 12. Nd2 Nf6 13. a3 Ke7 14. b4 b6 15.
Bb2 Bb7 16. Rfe1 Bc6 17. Nb3 Nd7 18. Bxg7 Nxg7 19. bxc5 Nxc5 20. N5d4 Bd7 21.
Nc2 Nxb3 22. Rxb3 Ba4 23. Rb2 Bxc2 24. Rxc2 Ne6 25. Rb1 Nc5 1/2-1/2

[Event "XVII Torneo Internacional de Ajedrez "]
[Site "Albacete - ESPAÑA"]
[Date "2009.09.04"]
[Round "6.17"]
[White "Villasenor Rubio, Emilio Jose"]
[Black "Larios Crespo, Manuel"]
[Result "1/2-1/2"]
[WhiteElo "1963"]
[BlackElo "2105"]
[PlyCount "136"]
[EventDate "2009.09.01"]

1. e4 d6 2. d4 g6 3. c4 Bg7 4. Nf3 Nf6 5. Nc3 O-O 6. Be2 e5 7. O-O exd4 8. Nxd4
Re8 9. f3 c6 10. Kh1 Nbd7 11. Bg5 h6 12. Bh4 g5 13. Bg3 Ne5 14. Qd2 Nh5 15.
Rad1 Nxg3+ 16. hxg3 Ng6 17. Nf5 Bxf5 18. exf5 Ne7 19. g4 Be5 20. Ne4 Qb6 21. b3
d5 22. Nxg5 dxc4 23. Ne4 Kh7 24. bxc4 Rad8 25. Qc2 c5 26. f4 Bd4 27. Rf3 Nc6
28. f6 Kg8 29. a3 Na5 30. Rh3 Qb2 31. Qxb2 Bxb2 32. Rxd8 Rxd8 33. Rxh6 Bxa3 34.
Ng5 Rd4 35. Bf3 Nxc4 36. Rh7 Nd6 37. Rg7+ Kf8 38. Nh7+ Ke8 39. g5 c4 40. g6 c3
41. Rg8+ Kd7 42. Nf8+ Kc7 43. gxf7 c2 44. Ne6+ Kb6 45. f8=Q c1=Q+ 46. Kh2 Nf5
47. Qf7 Nd6 48. Qd7 Rxf4 49. Nxf4 Qxf4+ 50. Kh3 Qxf6 51. Rg4 Bc5 52. Qh7 a5 53.
Bxb7 a4 54. Rxa4 Nxb7 55. Rg4 Bd6 56. Qb1+ Kc7 57. Qh7+ Kc6 58. Qe4+ Kb6 59.
Qd4+ Qxd4 60. Rxd4 Kc6 61. g4 Nd8 62. g5 Ne6 63. Rg4 Be7 64. g6 Bf6 65. Kg2 Kd6
66. Kf3 Ke5 67. Re4+ Kf5 68. Rxe6 Kxe6 1/2-1/2

[Event "XVII Torneo Internacional de Ajedrez "]
[Site "Albacete - ESPAÑA"]
[Date "2009.09.04"]
[Round "6.18"]
[White "Septien Lopez, Valeriano *"]
[Black "Path, David"]
[Result "1/2-1/2"]
[WhiteElo "1945"]
[BlackElo "2068"]
[PlyCount "74"]
[EventDate "2009.09.01"]

1. e4 c5 2. Nc3 Nc6 3. f4 g6 4. Nf3 Bg7 5. Bc4 e6 6. O-O Nge7 7. d3 d5 8. Bb3
O-O 9. Qe1 Na5 10. Qh4 Nxb3 11. axb3 f5 12. e5 Bd7 13. Ne2 Nc6 14. Qxd8 Rfxd8
15. d4 Bf8 16. Bd2 Rdc8 17. Rfc1 c4 18. bxc4 dxc4 19. h3 h6 20. g4 Ne7 21. Bb4
Nd5 22. Bxf8 Rxf8 23. g5 h5 24. Nd2 Rfc8 25. c3 a5 26. Kf2 a4 27. Nf1 b5 28.
Ne3 Ne7 29. Rd1 Bc6 30. Ra3 Bd5 31. Nc1 Rd8 32. Na2 Nc6 33. Ra1 Be4 34. Rd1 Ra7
35. Nc1 Rad7 36. Ne2 Kf7 37. Ng3 Bd5 1/2-1/2

[Event "XVII Torneo Internacional de Ajedrez "]
[Site "Albacete - ESPAÑA"]
[Date "2009.09.04"]
[Round "6.19"]
[White "Boj Marques, Javier"]
[Black "Garcia Magadan, Ramon *"]
[Result "1/2-1/2"]
[WhiteElo "1836"]
[BlackElo "2019"]
[PlyCount "81"]
[EventDate "2009.09.01"]

1. e4 e5 2. Nf3 Nc6 3. Bb5 a6 4. Ba4 Nf6 5. d3 d6 6. c3 g6 7. O-O Bg7 8. Re1 b5
9. Bb3 Na5 10. Bc2 O-O 11. Nbd2 c5 12. Nf1 Re8 13. Be3 Bb7 14. h3 Rc8 15. Qc1
d5 16. Bh6 c4 17. Bxg7 Kxg7 18. d4 Nc6 19. dxe5 Nxe5 20. Nxe5 Rxe5 21. f4 Re8
22. e5 Nh5 23. Qe3 Qh4 24. g4 d4 25. cxd4 Kh8 26. Rad1 Nf6 27. Qg3 Qxg3+ 28.
Nxg3 Nd5 29. Ne4 Nb4 30. Bb1 Bxe4 31. Rxe4 Nd5 32. Rde1 c3 33. bxc3 Nxc3 34.
R4e3 Nd5 35. Ra3 Nxf4 36. Rxa6 Nxh3+ 37. Kg2 Rc3 38. Rf6 Ng5 39. Rb6 Rd8 40.
Rd6 Ra8 41. Rb6 1/2-1/2

[Event "XVII Torneo Internacional de Ajedrez "]
[Site "Albacete - ESPAÑA"]
[Date "2009.09.04"]
[Round "6.20"]
[White "Garcia Roman, Jose Luis Machado"]
[Black "Sanchez Argandona, Santiago"]
[Result "1-0"]
[WhiteElo "2033"]
[BlackElo "1600"]
[PlyCount "85"]
[EventDate "2009.09.01"]

1. e4 c5 2. f4 d6 3. Bc4 e6 4. Qe2 Nc6 5. c3 Qc7 6. Nf3 Nf6 7. O-O Be7 8. e5
dxe5 9. fxe5 Nd5 10. Kh1 Bd7 11. a4 Na5 12. Ba2 c4 13. d3 b5 14. Nd4 cxd3 15.
Qxd3 Nc4 16. axb5 Nxe5 17. Qe4 Nc4 18. Bf4 Qc8 19. Nxe6 Bxe6 20. Bxc4 Nxf4 21.
Rxf4 Bxc4 22. Qxc4 O-O 23. Qxc8 Rfxc8 24. Rfa4 Bc5 25. Nd2 Bb6 26. Nc4 Bf2 27.
b6 Rxc4 28. Rxc4 Bxb6 29. Re1 Kf8 30. g3 g6 31. Kg2 Rd8 32. Re2 f5 33. Rc6 Rd1
34. h3 Rg1+ 35. Kh2 Rf1 36. c4 Rc1 37. b4 Bg1+ 38. Kg2 Ra1 39. b5 Rc1 40. h4
Bd4 41. Rd2 Bb6 42. Rd7 Ke8 43. Rxh7 1-0

[Event "XVII Torneo Internacional de Ajedrez "]
[Site "Albacete - ESPAÑA"]
[Date "2009.09.04"]
[Round "7.1"]
[White "Mirzoev, Azer"]
[Black "Guerra Mendez, Jose Angel"]
[Result "1-0"]
[WhiteElo "2584"]
[BlackElo "2438"]
[PlyCount "101"]
[EventDate "2009.09.01"]

1. d4 Nf6 2. Nf3 e6 3. c4 b6 4. Nc3 Bb7 5. Bg5 Be7 6. Qc2 d5 7. e3 O-O 8. cxd5
Nxd5 9. Bxe7 Qxe7 10. Nxd5 Bxd5 11. Bd3 g6 12. O-O Rc8 13. Bc4 c5 14. Bxd5 exd5
15. dxc5 Rxc5 16. Qd2 Nd7 17. b4 Rc4 18. Qxd5 Rac8 19. a3 Nf6 20. Qd1 a5 21.
bxa5 bxa5 22. Nd4 Ne4 23. h3 h5 24. Qe2 h4 25. Qb2 Qf6 26. Qb7 Ng5 27. Rab1 Ne6
28. Qa6 R4c5 29. Rfd1 Qe5 30. Nxe6 Qxe6 31. Qxe6 fxe6 32. Rd4 Rc1+ 33. Rxc1
Rxc1+ 34. Kh2 Rc2 35. f3 Rc3 36. a4 Rxe3 37. Rxh4 Ra3 38. Rf4 Kg7 39. h4 e5 40.
Rc4 Kf6 41. f4 exf4 42. Rxf4+ Kg7 43. Rg4 Kf6 44. g3 Ra2+ 45. Kh3 Ra3 46. Rf4+
Kg7 47. Rc4 Kf6 48. Kg4 Ra1 49. Rc6+ Kf7 50. Kg5 Rxa4 51. Rf6+ 1-0

[Event "XVII Torneo Internacional de Ajedrez "]
[Site "Albacete - ESPAÑA"]
[Date "2009.09.04"]
[Round "7.2"]
[White "Hernandez Carmenates, Holden"]
[Black "Gomez Ledo, Roberto Carlos"]
[Result "1/2-1/2"]
[WhiteElo "2561"]
[BlackElo "2423"]
[PlyCount "122"]
[EventDate "2009.09.01"]

1. d4 Nf6 2. c4 g6 3. Nc3 Bg7 4. e4 d6 5. Nf3 O-O 6. Be2 e5 7. O-O exd4 8. Nxd4
Re8 9. f3 Nc6 10. Nc2 Nh5 11. g4 Nf6 12. Kh1 h5 13. g5 Nh7 14. Rg1 Bd7 15. Be3
Ne5 16. Qd2 Bc6 17. Nd4 Nf8 18. Rae1 Bd7 19. Ref1 a6 20. Rf2 Rb8 21. a4 a5 22.
Ndb5 Bc6 23. Nd5 Bxd5 24. cxd5 Qe7 25. Bf4 c6 26. Nc3 Nfd7 27. Rd1 Nc5 28. Bf1
Rbd8 29. Be3 Kh7 30. h3 Kh8 31. Bxc5 dxc5 32. f4 Nd7 33. d6 Qe6 34. e5 Nb6 35.
Ne4 Nxa4 36. Qc2 b5 37. b3 Nb6 38. Nxc5 Qc8 39. Bg2 Nd5 40. Qd2 b4 41. Qd4 Rxd6
42. Qa1 Rdd8 43. Qxa5 Ne3 44. Rxd8 Rxd8 45. Qxb4 Nxg2 46. Kxg2 Bf8 47. Qc3 Bxc5
48. Qxc5 Rd3 49. f5 gxf5 50. Qe7 Qe6 51. Qxe6 fxe6 52. Rc2 Rd5 53. Rxc6 Rxe5
54. Rc7 h4 55. Kf3 Re1 56. b4 e5 57. Rf7 Rf1+ 58. Kg2 Rb1 59. Rxf5 Kg7 60. Kf3
Rxb4 61. Rxe5 Kg6 1/2-1/2

[Event "XVII Torneo Internacional de Ajedrez "]
[Site "Albacete - ESPAÑA"]
[Date "2009.09.04"]
[Round "7.3"]
[White "Ortiz Suarez, Isan Reynaldo"]
[Black "Pogorelov, Ruslan"]
[Result "1-0"]
[WhiteElo "2517"]
[BlackElo "2477"]
[PlyCount "79"]
[EventDate "2009.09.01"]

1. d4 Nf6 2. c4 e6 3. g3 Bb4+ 4. Bd2 Be7 5. Bg2 d5 6. Nf3 c6 7. O-O O-O 8. Qc2
Nbd7 9. Bc3 b6 10. Nbd2 Ba6 11. b3 c5 12. dxc5 Bxc5 13. Qb2 Rc8 14. Rfe1 dxc4
15. b4 Be7 16. Nd4 Nd5 17. Bxd5 exd5 18. Nf5 Bf6 19. e4 d4 20. Nxd4 Ne5 21. Qa3
Bb7 22. Re2 Nd3 23. Nf5 b5 24. Rf1 a5 25. bxa5 b4 26. Bxb4 Bb2 27. Qa4 Re8 28.
a6 Ba8 29. Nd6 Bc6 30. Qa5 Nxb4 31. Qxb4 c3 32. N2c4 Rb8 33. Qc5 Ba8 34. a7 Rb7
35. Nxb7 Bxb7 36. Nxb2 Ba6 37. Nc4 Qd3 38. Re3 Qxc4 39. Qxc4 Bxc4 40. Rc1 1-0

[Event "XVII Torneo Internacional de Ajedrez "]
[Site "Albacete - ESPAÑA"]
[Date "2009.09.04"]
[Round "7.4"]
[White "Gomez Garrido, Camilo"]
[Black "Suba, Mihai"]
[Result "1-0"]
[WhiteElo "2473"]
[BlackElo "2501"]
[PlyCount "107"]
[EventDate "2009.09.01"]

1. e4 c5 2. Nf3 d6 3. d4 Nf6 4. Nc3 cxd4 5. Nxd4 e6 6. Be3 a6 7. f3 b5 8. g4
Bb7 9. Qd2 Qa5 10. Nb3 Qc7 11. O-O-O Nc6 12. g5 Nd7 13. Qf2 Nce5 14. a3 Rb8 15.
h4 Ba8 16. h5 Be7 17. Kb1 b4 18. axb4 Rxb4 19. Bd4 O-O 20. g6 fxg6 21. hxg6 h6
22. Bh3 Rf6 23. f4 Nf8 24. Qg3 Rxg6 25. Qf2 Ng4 26. Bxg4 Rxg4 27. Rdg1 Rxg1+
28. Rxg1 e5 29. fxe5 dxe5 30. Be3 g5 31. Rh1 Bxe4 32. Rxh6 Qc4 33. Nxe4 Qxe4
34. Nd2 Qg4 35. Rh1 Nh7 36. Qh2 Qf5 37. Rf1 Qe6 38. Qh5 Kg7 39. b3 Rh4 40. Qf3
e4 41. Qg3 Bf6 42. Nc4 Kg6 43. Rd1 Rh3 44. Qb8 Kh6 45. Ka2 Qf5 46. Qb6 Qb5 47.
Qd6 Qf5 48. Rd5 Rh1 49. Ka3 Qf3 50. Bd4 Qf4 51. Ne5 Rd1 52. Nf7+ Kh5 53. Qxf4
Rxd4 54. Qh2+ 1-0

[Event "XVII Torneo Internacional de Ajedrez "]
[Site "Albacete - ESPAÑA"]
[Date "2009.09.04"]
[Round "7.5"]
[White "Fernandez Romero, Ernesto"]
[Black "Alvarez Pedraza, Aramis"]
[Result "0-1"]
[WhiteElo "2457"]
[BlackElo "2479"]
[PlyCount "64"]
[EventDate "2009.09.01"]

1. e4 c5 2. Nf3 e6 3. b3 d6 4. Bb2 e5 5. c3 Nf6 6. d3 Nc6 7. Nbd2 g6 8. d4 a6
9. dxe5 dxe5 10. a4 Bh6 11. Qc2 O-O 12. h3 Be6 13. Bc4 Nh5 14. Rd1 Qf6 15. O-O
Bxd2 16. Bxe6 fxe6 17. Nxd2 Qg5 18. Kh2 Nf4 19. g3 Nh5 20. Nc4 Rf3 21. Bc1 Nf4
22. Rd3 Qh5 23. Bxf4 exf4 24. Kg2 Rxd3 25. Qxd3 Rd8 26. Qc2 b5 27. g4 Qh4 28.
axb5 axb5 29. Nd2 Ne5 30. Rh1 h5 31. gxh5 Qg5+ 32. Kf1 f3 0-1

[Event "XVII Torneo Internacional de Ajedrez "]
[Site "Albacete - ESPAÑA"]
[Date "2009.09.04"]
[Round "7.6"]
[White "Marholev, Dimitar"]
[Black "Korneev, Oleg"]
[Result "1/2-1/2"]
[WhiteElo "2413"]
[BlackElo "2554"]
[PlyCount "50"]
[EventDate "2009.09.01"]

1. d4 d5 2. c4 e6 3. Nf3 Nf6 4. Nc3 c6 5. e3 Nbd7 6. Qc2 Bd6 7. b3 O-O 8. Bb2
e5 9. cxd5 cxd5 10. dxe5 Nxe5 11. Be2 Nxf3+ 12. Bxf3 d4 13. exd4 Re8+ 14. Kf1
Qa5 15. d5 Bg4 16. Bxg4 Nxg4 17. h3 Nf6 18. Qd3 Rac8 19. a3 Be5 20. b4 Qb6 21.
Na4 Qd8 22. Bxe5 Rxe5 23. Qg3 Rxd5 24. Qf3 Rd6 25. Rg1 Ne4 {...} 1/2-1/2

[Event "XVII Torneo Internacional de Ajedrez "]
[Site "Albacete - ESPAÑA"]
[Date "2009.09.04"]
[Round "7.7"]
[White "Dolezal, Cristian"]
[Black "Rivas Pastor, Manuel"]
[Result "0-1"]
[WhiteElo "2403"]
[BlackElo "2529"]
[PlyCount "56"]
[EventDate "2009.09.01"]

1. e4 e6 2. d4 d5 3. e5 c5 4. Nf3 cxd4 5. Bd3 Nc6 6. O-O Nge7 7. Re1 Ng6 8. a3
Be7 9. b4 Qc7 10. Qe2 f6 11. Bxg6+ hxg6 12. Bf4 g5 13. Bg3 f5 14. h3 Bd7 15. b5
Na5 16. Nxd4 Qc4 17. Qd1 Rc8 18. c3 Kf7 19. a4 Rh6 20. f3 b6 21. Bf2 Qc7 22.
Ra2 Kg8 23. Rae2 Be8 24. g3 f4 25. Kg2 Qd7 26. gxf4 gxf4 27. Qc1 Bh5 28. Rg1
Bc5 {....} 0-1

[Event "XVII Torneo Internacional de Ajedrez "]
[Site "Albacete - ESPAÑA"]
[Date "2009.09.04"]
[Round "7.8"]
[White "Espinosa Aranda, Angel"]
[Black "Pozo Vera, Sandro"]
[Result "1/2-1/2"]
[WhiteElo "2356"]
[BlackElo "2464"]
[PlyCount "24"]
[EventDate "2009.09.01"]

1. e4 e6 2. d4 d5 3. Nc3 Bb4 4. exd5 exd5 5. Bd3 Ne7 6. Nge2 c6 7. O-O O-O 8.
Ng3 Nd7 9. Re1 Ng6 10. Qf3 Qf6 11. Qxf6 Nxf6 12. Bg5 Ne8 1/2-1/2

[Event "XVII Torneo Internacional de Ajedrez "]
[Site "Albacete - ESPAÑA"]
[Date "2009.09.04"]
[Round "7.9"]
[White "Hoffman, Alejandro"]
[Black "Campayo Hernandez, Juan"]
[Result "1-0"]
[WhiteElo "2408"]
[BlackElo "2171"]
[PlyCount "63"]
[EventDate "2009.09.01"]

1. Nf3 d5 2. c4 c6 3. e3 Nf6 4. Nc3 g6 5. d4 Bg7 6. Be2 O-O 7. O-O Bg4 8. cxd5
cxd5 9. Qb3 Nc6 10. Qxb7 Na5 11. Qa6 Bf5 12. b4 Nc4 13. Bxc4 dxc4 14. Qxc4 Rc8
15. Qb3 Ne4 16. Bb2 Nd6 17. Rfc1 Nc4 18. Ne2 Nxb2 19. Qxb2 Be4 20. Nd2 Ba8 21.
Rxc8 Qxc8 22. Rc1 Qf5 23. Ng3 Qg5 24. Rc5 Qf6 25. Qc2 h5 26. h3 h4 27. Nge4 Qa6
28. b5 Qb7 29. Qc4 e6 30. Rc7 Qb6 31. Qc5 Rb8 32. Rc8+ 1-0

[Event "XVII Torneo Internacional de Ajedrez "]
[Site "Albacete - ESPAÑA"]
[Date "2009.09.04"]
[Round "7.10"]
[White "Khamrakulov, Ibragim S"]
[Black "Serna Lara, Sergio"]
[Result "1/2-1/2"]
[WhiteElo "2554"]
[BlackElo "2244"]
[PlyCount "90"]
[EventDate "2009.09.01"]

1. e4 e6 2. d4 d5 3. Nd2 Be7 4. Ngf3 Nf6 5. Bd3 c5 6. c3 cxd4 7. cxd4 dxe4 8.
Nxe4 Bd7 9. O-O Nxe4 10. Bxe4 Bc6 11. Qc2 Bxe4 12. Qxe4 Nc6 13. Be3 Qd5 14.
Qxd5 exd5 15. Rac1 f6 16. a3 Kd7 17. Ne1 Bd6 18. Nd3 b6 19. g3 Rac8 20. Rc3 Ne7
21. Rfc1 Rxc3 22. Rxc3 Rc8 23. Rxc8 Nxc8 24. Kg2 Ne7 25. Kf3 Nc6 26. h4 h5 27.
Nc1 Ke6 28. Ne2 a6 29. Bf4 Ne7 30. Bxd6 Kxd6 31. g4 hxg4+ 32. Kxg4 g6 33. Nf4
Kd7 34. f3 Kd6 35. h5 gxh5+ 36. Nxh5 Nc6 37. Nxf6 Nxd4 38. f4 a5 39. f5 b5 40.
Ne8+ Ke7 41. Ng7 Kf6 42. Nh5+ Ke5 43. Ng3 b4 44. axb4 axb4 45. Kg5 b3 1/2-1/2

[Event "XVII Torneo Internacional de Ajedrez "]
[Site "Albacete - ESPAÑA"]
[Date "2009.09.04"]
[Round "7.11"]
[White "Spassov, Liuben"]
[Black "Picazo Lopez, Juan Antonio"]
[Result "1-0"]
[WhiteElo "2434"]
[BlackElo "2244"]
[PlyCount "39"]
[EventDate "2009.09.01"]

1. d4 d5 2. c4 c6 3. Nf3 Nf6 4. Qc2 dxc4 5. Qxc4 Bg4 6. Nbd2 e6 7. Ne5 Bh5 8.
e4 Nbd7 9. Nxd7 Nxd7 10. f3 Be7 11. Be2 O-O 12. O-O e5 13. dxe5 Nxe5 14. Qb3
Qb6+ 15. Qxb6 axb6 16. g4 Bg6 17. f4 Bc5+ 18. Kg2 Nxg4 19. Bxg4 f5 20. Bxf5 1-0

[Event "XVII Torneo Internacional de Ajedrez "]
[Site "Albacete - ESPAÑA"]
[Date "2009.09.04"]
[Round "7.12"]
[White "Jimenez Martinez, Jose Vicente"]
[Black "Fernandez Cardoso, Alexey"]
[Result "0-1"]
[WhiteElo "2241"]
[BlackElo "2413"]
[PlyCount "124"]
[EventDate "2009.09.01"]

1. d4 d5 2. c4 c6 3. Nf3 Nf6 4. Nc3 e6 5. Bg5 h6 6. Bh4 dxc4 7. e4 g5 8. Bg3 b5
9. Be2 Nbd7 10. d5 b4 11. dxe6 bxc3 12. exd7+ Qxd7 13. bxc3 Qxd1+ 14. Rxd1 Nxe4
15. Bxc4 Nxg3 16. hxg3 Bg7 17. O-O O-O 18. Rd6 c5 19. Rc6 Bg4 20. Nh2 Rfc8 21.
Rd6 Bf5 22. g4 Bh7 23. Nf3 Rd8 24. Rfd1 Rxd6 25. Rxd6 Rb8 26. Rc6 Bxc3 27. Rxc5
Rb1+ 28. Kh2 Bb4 29. Rc6 Be4 30. Rf6 Rd1 31. Rxf7 Bd6+ 32. g3 Rc1 33. Bb3 Rb1
34. Be6 Kh8 35. Bf5 Bxf5 36. gxf5 Rb2 37. Kh3 Kg8 38. Rd7 Bc5 39. Rd2 Rb4 40.
Ne5 h5 41. Rc2 Bd6 42. Nc6 Ra4 43. Rd2 Bf8 44. Nd4 Kf7 45. Ne6 Be7 46. f4 g4+
47. Kg2 Kf6 48. Nd4 Rc4 49. Nb5 a5 50. Nd6 Rb4 51. Re2 Bxd6 52. Re6+ Kxf5 53.
Rxd6 Rb2+ 54. Kg1 Rxa2 55. Rd4 a4 56. Rb4 a3 57. Ra4 h4 58. Kh1 hxg3 59. Kg1 g2
60. Kh2 g3+ 61. Kg1 Kg4 62. f5+ Kh3 0-1

[Event "XVII Torneo Internacional de Ajedrez "]
[Site "Albacete - ESPAÑA"]
[Date "2009.09.04"]
[Round "7.13"]
[White "Kovacevic, Slobodan"]
[Black "Sanchez Jerez, Emilio Miguel"]
[Result "0-1"]
[WhiteElo "2380"]
[BlackElo "2240"]
[PlyCount "75"]
[EventDate "2009.09.01"]

1. d4 g6 2. c3 Nf6 3. Nf3 Bg7 4. Bg5 O-O 5. Nbd2 d5 6. e3 Nbd7 7. b4 Re8 8. Be2
e5 9. h3 h6 10. Bh4 e4 11. Nh2 h5 12. O-O Bh6 13. Bxf6 Nxf6 14. c4 dxc4 15.
Bxc4 Be6 16. Bxe6 Rxe6 17. Rc1 Nd5 18. Qb3 Bf8 19. a3 a5 20. b5 a4 21. Qb2 f5
22. Rfe1 g5 23. Nhf1 g4 24. hxg4 hxg4 25. Ng3 Qg5 26. Qa2 Rd8 27. Rc4 Qf6 28.
Rec1 Bd6 29. Ndf1 f4 30. exf4 Bxf4 31. Re1 e3 32. fxe3 Bxg3 33. Nxg3 Qh4 34.
Qf2 Rf8 35. Nf5 Qxf2+ 36. Kxf2 Rxf5+ 37. Kg3 Nxe3 38. Rxc7 {...} 0-1

[Event "XVII Torneo Internacional de Ajedrez "]
[Site "Albacete - ESPAÑA"]
[Date "2009.09.04"]
[Round "7.14"]
[White "Fenollar Jorda, Manuel"]
[Black "Garcia Gata, Jorge D"]
[Result "1-0"]
[WhiteElo "2311"]
[BlackElo "2157"]
[PlyCount "67"]
[EventDate "2009.09.01"]

1. d4 Nf6 2. Nf3 c5 3. c3 Qc7 4. dxc5 Qxc5 5. b4 Qc7 6. Bb2 d5 7. e3 Bg4 8.
Nbd2 e6 9. Qa4+ Nbd7 10. c4 Bxf3 11. gxf3 Be7 12. Rc1 Rc8 13. Kd1 Qd8 14. a3 a6
15. c5 O-O 16. Rg1 e5 17. Bh3 Rc6 18. Qb3 Kh8 19. Bxd7 Qxd7 20. Bxe5 Qf5 21.
Qb2 Re6 22. Bd4 Qh3 23. Kc2 Qf5+ 24. Kb3 a5 25. Qc2 Qxc2+ 26. Kxc2 axb4 27.
axb4 Ra8 28. Ra1 Rea6 29. Nb3 Rxa1 30. Rxa1 Rxa1 31. Bxa1 Bd8 32. Bxf6 gxf6 33.
Kd3 Bc7 34. f4 1-0

[Event "XVII Torneo Internacional de Ajedrez "]
[Site "Albacete - ESPAÑA"]
[Date "2009.09.04"]
[Round "7.15"]
[White "Llavador Moron, Juan Jose"]
[Black "Cano Sanchez, Josue"]
[Result "1/2-1/2"]
[WhiteElo "2171"]
[BlackElo "2308"]
[PlyCount "49"]
[EventDate "2009.09.01"]

1. d4 d5 2. c4 e6 3. Nc3 c5 4. Nf3 Nc6 5. cxd5 exd5 6. g3 Nf6 7. Bg2 Be7 8. O-O
O-O 9. Bg5 cxd4 10. Nxd4 h6 11. Bf4 Bg4 12. h3 Be6 13. Nxe6 fxe6 14. Qc2 Rc8
15. Rad1 Qe8 16. h4 Bb4 17. Qb3 Qf7 18. Nb5 Qe7 19. Nc3 Rcd8 20. e4 Bxc3 21.
Qxc3 dxe4 22. Qc4 Kh8 23. Bxe4 e5 24. Be3 Nxe4 25. Qxe4 1/2-1/2

[Event "XVII Torneo Internacional de Ajedrez "]
[Site "Albacete - ESPAÑA"]
[Date "2009.09.04"]
[Round "7.16"]
[White "Fernandez Barrera, Victor"]
[Black "Villasenor Rubio, Emilio Jose"]
[Result "1-0"]
[WhiteElo "2302"]
[BlackElo "1963"]
[PlyCount "41"]
[EventDate "2009.09.01"]

1. e4 c5 2. Nf3 d6 3. d4 cxd4 4. Nxd4 Nf6 5. Nc3 a6 6. Bg5 e6 7. f4 Nbd7 8. Qf3
Qc7 9. O-O-O b5 10. Bd3 Be7 11. Rhe1 Bb7 12. Qg3 h6 13. Bxf6 Bxf6 14. Bxb5 O-O
15. Bxd7 Qxd7 16. e5 Be7 17. f5 Bg5+ 18. Kb1 exf5 19. e6 f4 20. Qxg5 hxg5 21.
exd7 1-0

[Event "XVII Torneo Internacional de Ajedrez "]
[Site "Albacete - ESPAÑA"]
[Date "2009.09.04"]
[Round "7.17"]
[White "Diaz Illescas, Juan Carlos *"]
[Black "Krug Cortegoso, Rodolfo Martin"]
[Result "1/2-1/2"]
[WhiteElo "1947"]
[BlackElo "2117"]
[PlyCount "70"]
[EventDate "2009.09.01"]

1. e4 c5 2. Nc3 Nc6 3. f4 e6 4. Nf3 d5 5. Bb5 Nf6 6. Bxc6+ bxc6 7. d3 Be7 8.
O-O c4 9. e5 Nd7 10. dxc4 Ba6 11. Nd2 Nb6 12. Qg4 g6 13. b3 Qc7 14. Rd1 h5 15.
Qf3 Rb8 16. Kh1 h4 17. h3 Bc5 18. Ndb1 Nc8 19. Na4 Bf8 20. Ba3 Qa5 21. Bxf8
Kxf8 22. cxd5 cxd5 23. Qc3 Qxc3 24. Nbxc3 Ne7 25. Nc5 Rc8 26. b4 Bc4 27. N3a4
Kg7 28. Nb2 Be2 29. Rd2 Nf5 30. Kg1 Bb5 31. a4 Bc6 32. Nbd3 d4 33. Rb1 Bd5 34.
Rb2 Ne3 35. Rb1 Nf5 1/2-1/2

[Event "XVII Torneo Internacional de Ajedrez "]
[Site "Albacete - ESPAÑA"]
[Date "2009.09.04"]
[Round "7.18"]
[White "Garcia Lopez, Luis Manuel"]
[Black "Septien Lopez, Valeriano *"]
[Result "1/2-1/2"]
[WhiteElo "2105"]
[BlackElo "1945"]
[PlyCount "76"]
[EventDate "2009.09.01"]

1. e4 d5 2. exd5 Qxd5 3. Nc3 Qd6 4. d4 Nf6 5. Bc4 a6 6. Nge2 b5 7. Bb3 Bb7 8.
Bf4 Qb6 9. O-O Nbd7 10. a4 Rc8 11. axb5 axb5 12. d5 c5 13. dxc6 Qxc6 14. f3 e6
15. Qd3 Bc5+ 16. Kh1 O-O 17. Qxb5 Nh5 18. Qd3 Nxf4 19. Nxf4 Ne5 20. Qe2 Bd4 21.
Nb5 Bxb2 22. Na7 Qc5 23. Nxc8 Bxa1 24. Ne7+ Qxe7 25. Rxa1 Qf6 26. Nh5 Qf5 27.
Ng3 Qf4 28. Re1 Ra8 29. Nh5 Qd4 30. f4 Ng6 31. Bxe6 Bd5 32. Bxd5 Qxd5 33. f5
Qxf5 34. Ng3 Qc5 35. Ne4 Qe5 36. h3 Ra1 37. Rxa1 Qxa1+ 38. Kh2 Qe5+ 1/2-1/2

[Event "XVII Torneo Internacional de Ajedrez "]
[Site "Albacete - ESPAÑA"]
[Date "2009.09.04"]
[Round "7.19"]
[White "Larios Crespo, Manuel"]
[Black "Ontanon Gomez, Pablo"]
[Result "0-1"]
[WhiteElo "2105"]
[BlackElo "1916"]
[PlyCount "50"]
[EventDate "2009.09.01"]

1. e4 c5 2. Nf3 d6 3. d4 cxd4 4. Nxd4 Nf6 5. Nc3 g6 6. Be2 Bg7 7. Bg5 O-O 8.
Qd2 Nc6 9. Nb3 Be6 10. O-O-O Rc8 11. Kb1 a5 12. Bxf6 Bxf6 13. Nd5 Bg7 14. Qe3
Bxd5 15. exd5 Ne5 16. Rhe1 a4 17. Nc1 Nc4 18. Bxc4 Rxc4 19. b3 axb3 20. cxb3
Rc3 21. Rd3 Rxd3 22. Qxd3 Qb6 23. f4 Qf2 24. Re2 Qxf4 25. Rxe7 Qf6 0-1

[Event "XVII Torneo Internacional de Ajedrez "]
[Site "Albacete - ESPAÑA"]
[Date "2009.09.05"]
[Round "8.1"]
[White "Alvarez Pedraza, Aramis"]
[Black "Mirzoev, Azer"]
[Result "0-1"]
[WhiteElo "2479"]
[BlackElo "2584"]
[PlyCount "50"]
[EventDate "2009.09.01"]

1. d4 d5 2. c4 dxc4 3. e4 e5 4. Nf3 exd4 5. Bxc4 Bb4+ 6. Bd2 Bxd2+ 7. Nbxd2 Nc6
8. O-O Qf6 9. b4 a6 10. Qb3 Nge7 11. a4 O-O 12. Rac1 Ng6 13. b5 Na5 14. Qb4
Nxc4 15. Rxc4 axb5 16. axb5 Nf4 17. Kh1 Qg6 18. Nh4 Qg4 19. g3 Nd3 20. f3 Qg5
21. f4 Qg4 22. Qb3 Qe2 23. Rxd4 Nf2+ 24. Kg1 Bh3 25. Ng2 Nd3 0-1